[Event "POL-chT3 Kujawsko Pomorskie 1213"]
[Site "Poland"]
[Date "2012.12.02"]
[Round "3.25"]
[White "Waszkowska, Karolina"]
[Black "Tarczykowska, Monika"]
[Result "0-1"]
[WhiteElo "1335"]
[BlackElo "1709"]
[PlyCount "50"]
[EventDate "2012.11.04"]
[EventType "team-tourn"]
[EventRounds "11"]
[EventCountry "POL"]
[SourceTitle "EXT 2015"]
[Source "ChessBase"]
[SourceDate "2014.11.20"]
[SourceVersion "1"]
[SourceVersionDate "2014.11.20"]
[SourceQuality "1"]
[WhiteTeam "Swiecie Gambit"]
[BlackTeam "Torun UKS OPP"]
[WhiteTeamCountry "POL"]
[BlackTeamCountry "POL"]

1. e4 c6 2. d4 d5 3. exd5 cxd5 4. Bd3 Nc6 5. Nf3 Bg4 6. Be3 Qb6 7. b3 Nf6 8. Be2 e6 9. 0-0 Rc8 10. c3 Bd6 11. Ne5 Bxe2 12. Qxe2 Qc7 13. f4 Ne4 14. Qf3 0-0 15. c4 Nb4 16. a3 Nc2 17. Ra2 Nxe3 18. Qxe3 f6 19. cxd5 exd5 20. Nd3 Rfe8 21. Qf3 Qb6 22. Nf2 Qxd4 23. Rd1 Qb6 24. Rxd5 Nxf2 25. Rxf2 Re1# 0-1

[Event "POL-ch U18 Girls"]
[Site "Murzasichle"]
[Date "2011.03.10"]
[Round "7"]
[White "Zadlo, Anna"]
[Black "Tarczykowska, Monika"]
[Result "1-0"]
[WhiteElo "1853"]
[BlackElo "1667"]
[PlyCount "69"]
[EventDate "2011.03.05"]
[EventType "swiss"]
[EventRounds "9"]
[EventCountry "POL"]
[SourceTitle "EXT 2012"]
[Source "ChessBase"]
[SourceDate "2011.11.24"]
[SourceVersion "1"]
[SourceVersionDate "2011.11.24"]
[SourceQuality "1"]

1. e4 c6 2. d4 d5 3. exd5 cxd5 4. Bd3 Nf6 5. h3 Nc6 6. c3 e5 7. dxe5 Nxe5 8. Qe2 Qe7 9. Bb5+ Bd7 10. Bxd7+ Nfxd7 11. Nd2 Nd3+ 12. Kd1 Qxe2+ 13. Kxe2 Nf4+ 14. Kf1 0-0-0 15. Nb3 Nd3 16. Ke2 N7e5 17. Nf3 Nxf3 18. Kxd3 Ne5+ 19. Kc2 Bd6 20. Be3 Nc4 21. Bd4 Be5 22. Bxe5 Nxe5 23. Rad1 Rhe8 24. Rhe1 Nc6 25. Rxe8 Rxe8 26. Rxd5 Re1 27. Rd1 Re2+ 28. Rd2 Re1 29. Nc5 Rg1 30. g3 Ne5 31. Re2 f6 32. Ne6 g6 33. Nf8 h5 34. Ne6 g5 35. Nxg5 1-0

[Event "POL-ch U18 Girls"]
[Site "Murzasichle"]
[Date "2011.03.08"]
[Round "5"]
[White "Tarczykowska, Monika"]
[Black "Stezycka, Paulina"]
[Result "1-0"]
[WhiteElo "1667"]
[BlackElo "1548"]
[PlyCount "123"]
[EventDate "2011.03.05"]
[EventType "swiss"]
[EventRounds "9"]
[EventCountry "POL"]
[SourceTitle "EXT 2012"]
[Source "ChessBase"]
[SourceDate "2011.11.24"]
[SourceVersion "1"]
[SourceVersionDate "2011.11.24"]
[SourceQuality "1"]

1. g3 d5 2. c4 Nf6 3. Bg2 e6 4. d4 Be7 5. Nc3 c6 6. cxd5 exd5 7. Nf3 0-0 8. 0-0 Bf5 9. Bf4 Qc8 10. Rc1 Qd8 11. Qb3 b6 12. Ne5 Bd6 13. Rfd1 Bxe5 14. dxe5 Nfd7 15. e4 Nc5 16. Qc2 Bg6 17. b4 Ne6 18. Ne2 Qe7 19. Bd2 dxe4 20. Bxe4 Bxe4 21. Qxe4 Rc8 22. b5 Nc5 23. Bb4 Nbd7 24. bxc6 Qxe5 25. Qxe5 Nxe5 26. Bxc5 bxc5 27. Rxc5 Nxc6 28. Rd7 Rd8 29. Rc7 Nb4 30. Ra5 a6 31. a3 Nd5 32. Rc6 f6 33. Rcxa6 Rxa6 34. Rxa6 Kf8 35. Kg2 Ke7 36. Kf3 Nc7 37. Ra4 Rd3+ 38. Ke4 Rd2 39. Ke3 Ra2 40. Nc3 Rc2 41. Rc4 Kd7 42. a4 Rb2 43. a5 Rb8 44. Na4 Kd8 45. Nb6 Rb7 46. Rd4+ Ke8 47. Rd7 Rxb6 48. Rxc7 Re6+ 49. Kd3 g6 50. Rc2 Ra6 51. Ra2 Kd7 52. Kc4 Kc6 53. Kb4 f5 54. Rc2+ Kb7 55. Kb5 Ra8 56. Re2 h5 57. a6+ Kc7 58. Re7+ Kd6 59. Rb7 g5 60. a7 f4 61. gxf4 gxf4 62. Kb6 1-0

[Event "POL-ch U18 Girls"]
[Site "Murzasichle"]
[Date "2011.03.06"]
[Round "2"]
[White "Krupa, Anna"]
[Black "Tarczykowska, Monika"]
[Result "1/2-1/2"]
[WhiteElo "1897"]
[BlackElo "1667"]
[PlyCount "81"]
[EventDate "2011.03.05"]
[EventType "swiss"]
[EventRounds "9"]
[EventCountry "POL"]
[SourceTitle "EXT 2012"]
[Source "ChessBase"]
[SourceDate "2011.11.24"]
[SourceVersion "1"]
[SourceVersionDate "2011.11.24"]
[SourceQuality "1"]

1. d4 g6 2. Bg5 Bg7 3. c3 d6 4. Nf3 Nf6 5. Nbd2 Bf5 6. Bxf6 Bxf6 7. e4 Bg4 8. Bc4 0-0 9. 0-0 Nd7 10. h3 Bxf3 11. Nxf3 e5 12. dxe5 dxe5 13. Qc2 Nb6 14. Bb3 Qe7 15. a4 a6 16. a5 Nd7 17. Nd2 Nc5 18. Bd5 c6 19. Bc4 Rad8 20. Nf3 Rd7 21. b4 Ne6 22. Rad1 Rfd8 23. Bb3 Nf4 24. Rxd7 Rxd7 25. Rd1 Rc7 26. Bc4 c5 27. b5 axb5 28. Bxb5 c4 29. Nd2 Qc5 30. Bxc4 Qxa5 31. Kh2 Qc5 32. Kg1 Bh4 33. Nf3 Qxc4 34. Nxh4 Ne2+ 35. Kh2 Nd4 36. Qd2 Qxc3 37. Qg5 Ne6 38. Rd8+ Nxd8 39. Qxd8+ Kg7 40. Nf5+ gxf5 41. Qg5+ 1/2-1/2

[Event "Bydgoszcz-Torun"]
[Site "Bydgoszcz"]
[Date "2010.12.05"]
[Round "?.36"]
[White "Tarczykowska, Monika"]
[Black "Potyrala, Patrycja"]
[Result "1-0"]
[WhiteElo "1667"]
[BlackElo "1396"]
[PlyCount "89"]
[EventDate "2010.12.05"]
[EventType "team-match"]
[EventRounds "1"]
[EventCountry "POL"]
[SourceTitle "EXT 2018"]
[Source "ChessBase"]
[SourceDate "2017.10.13"]
[SourceVersion "1"]
[SourceVersionDate "2017.10.13"]
[SourceQuality "1"]

1. g3 f5 2. c4 Nf6 3. Bg2 g6 4. d4 Bg7 5. Nc3 0-0 6. Nf3 d6 7. 0-0 e5 8. dxe5 dxe5 9. Nxe5 Qxd1 10. Rxd1 Re8 11. Nd5 Na6 12. Nxf6+ Bxf6 13. Bd5+ Kg7 14. Nf7 Be6 15. Bh6+ Kxf7 16. Bxb7 Rab8 17. Bxa6 Rxb2 18. Bb5 Rxb5 19. cxb5 Bxa1 20. Rxa1 Bd5 21. Be3 c6 22. a4 Re7 23. Kf1 Rb7 24. Rd1 Ke6 25. bxc6 Bxc6 26. a5 a6 27. Bb6 Rd7 28. Rc1 Bb7 29. Ke1 Kd6 30. Rc3 Ke6 31. Bc7 Rd5 32. Re3+ Kd7 33. Bb6 Kc6 34. Re8 Kb5 35. Re7 Bc6 36. Rxh7 Re5 37. Kd2 Re4 38. Rh6 Ra4 39. Rxg6 Ra2+ 40. Ke3 Ra4 41. Re6 Bd5 42. Re5 Re4+ 43. Rxe4 Bxe4 44. f3 Bd5 45. Kf4 1-0

[Event "Kowalewo Pomorskie op-B 17th"]
[Site "Kowalewo Pomorskie"]
[Date "2010.07.08"]
[Round "6"]
[White "Tarczykowska, Monika"]
[Black "Pilarski, Piotr"]
[Result "0-1"]
[WhiteElo "1656"]
[BlackElo "1809"]
[PlyCount "58"]
[EventDate "2010.07.04"]
[EventType "swiss"]
[EventRounds "9"]
[EventCountry "POL"]
[SourceTitle "EXT 2011"]
[Source "ChessBase"]
[SourceDate "2010.11.26"]
[SourceVersion "1"]
[SourceVersionDate "2010.11.26"]
[SourceQuality "1"]

1. g3 e5 2. c4 Bc5 3. Bg2 Ne7 4. Nc3 0-0 5. e3 Nbc6 6. Nge2 a6 7. d4 exd4 8. exd4 Ba7 9. 0-0 f5 10. Bg5 h6 11. Be3 Ng6 12. c5 d6 13. Qb3+ Kh8 14. d5 Nce5 15. Na4 Ng4 16. Bd4 f4 17. Rad1 Qg5 18. Qc3 Rf7 19. Nxf4 Nxf4 20. gxf4 Rxf4 21. Rd3 h5 22. h3 Bf5 23. Rg3 h4 24. Re3 Nxe3 25. Qxe3 Bxh3 26. Qxh3 Rxd4 27. cxd6 cxd6 28. Nc3 Rf4 29. Qe6 Rg4 0-1

[Event "Kowalewo Pomorskie op-B 17th"]
[Site "Kowalewo Pomorskie"]
[Date "2010.07.06"]
[Round "4"]
[White "Brozek, Lukasz"]
[Black "Tarczykowska, Monika"]
[Result "1-0"]
[WhiteElo "1883"]
[BlackElo "1656"]
[PlyCount "79"]
[EventDate "2010.07.04"]
[EventType "swiss"]
[EventRounds "9"]
[EventCountry "POL"]
[SourceTitle "EXT 2011"]
[Source "ChessBase"]
[SourceDate "2010.11.26"]
[SourceVersion "1"]
[SourceVersionDate "2010.11.26"]
[SourceQuality "1"]

1. e4 Nf6 2. Nc3 d5 3. e5 Nfd7 4. d4 e6 5. f4 c5 6. Nf3 Nc6 7. Bd3 Be7 8. 0-0 0-0 9. b3 cxd4 10. Ne2 Qb6 11. a3 a5 12. Bb2 Bc5 13. Kh1 f6 14. Nexd4 Nxd4 15. Nxd4 fxe5 16. Nb5 e4 17. Be2 Nf6 18. a4 Bd7 19. Be5 Bxb5 20. axb5 Rad8 21. Bc3 Ra8 22. Ra4 Qc7 23. Qa1 b6 24. b4 Bd6 25. bxa5 Bxf4 26. axb6 Rxa4 27. bxc7 Rxa1 28. Rxa1 Bxc7 29. Bd4 e5 30. Bc5 Rd8 31. b6 Bb8 32. Ra8 d4 33. Bc4+ Kh8 34. Bd6 d3 35. cxd3 exd3 36. Rxb8 Rxb8 37. Bxb8 d2 38. Be2 Nd7 39. Bc7 Nc5 40. Bxe5 1-0

[Event "Znin op-C"]
[Site "Znin"]
[Date "2010.06.30"]
[Round "6"]
[White "Sakrajda, Piotr"]
[Black "Tarczykowska, Monika"]
[Result "0-1"]
[WhiteElo "1400"]
[BlackElo "1651"]
[PlyCount "42"]
[EventDate "2010.06.26"]
[EventType "swiss"]
[EventRounds "9"]
[EventCountry "POL"]
[SourceTitle "EXT 2023"]
[Source "ChessBase"]
[SourceDate "2022.10.05"]
[SourceVersion "1"]
[SourceVersionDate "2022.10.05"]
[SourceQuality "1"]

1. e4 c5 2. Nf3 g6 3. d4 Bg7 4. Bc4 Qa5+ 5. Bd2 Qb6 6. Bc3 Nf6 7. Qd3 0-0 8. Nbd2 e6 9. e5 Ne8 10. Ne4 cxd4 11. Bxd4 Qc7 12. 0-0-0 Nc6 13. Nd6 Nxd6 14. exd6 Qxd6 15. Be3 Qxd3 16. Rxd3 d5 17. Bb5 a6 18. Ba4 b5 19. Bb3 Bb7 20. c3 Rac8 21. a3 d4 0-1

[Event "Znin op-C"]
[Site "Znin"]
[Date "2010.06.30"]
[Round "7"]
[White "Tarczykowska, Monika"]
[Black "Kaczmarczyk, Pawel"]
[Result "1/2-1/2"]
[WhiteElo "1651"]
[BlackElo "1587"]
[PlyCount "62"]
[EventDate "2010.06.26"]
[EventType "swiss"]
[EventRounds "9"]
[EventCountry "POL"]
[SourceTitle "EXT 2023"]
[Source "ChessBase"]
[SourceDate "2022.10.05"]
[SourceVersion "1"]
[SourceVersionDate "2022.10.05"]
[SourceQuality "1"]

1. g3 e5 2. c4 d6 3. Bg2 g6 4. Nc3 Bg7 5. e3 f5 6. d4 e4 7. Nge2 Nf6 8. Qb3 c6 9. Bd2 Qc7 10. f3 exf3 11. Bxf3 0-0 12. 0-0-0 Be6 13. Nf4 Bf7 14. Kb1 Nbd7 15. d5 Nc5 16. Qc2 Rfe8 17. Rhe1 Nce4 18. Nxe4 Nxe4 19. Bxe4 Rxe4 20. Bc1 Rc8 21. b3 g5 22. Ne6 Bxe6 23. dxe6 Qe7 24. g4 Qxe6 25. gxf5 Qxf5 26. Rxd6 Qe5 27. Bb2 Qxd6 28. Qxe4 Bxb2 29. Kxb2 Qd2+ 30. Ka3 Qa5+ 31. Kb2 Qd2+ 1/2-1/2

[Event "Znin op-C"]
[Site "Znin"]
[Date "2010.06.29"]
[Round "4"]
[White "Rabeda, Grzegorz"]
[Black "Tarczykowska, Monika"]
[Result "0-1"]
[WhiteElo "1400"]
[BlackElo "1651"]
[PlyCount "52"]
[EventDate "2010.06.26"]
[EventType "swiss"]
[EventRounds "9"]
[EventCountry "POL"]
[SourceTitle "EXT 2023"]
[Source "ChessBase"]
[SourceDate "2022.10.05"]
[SourceVersion "1"]
[SourceVersionDate "2022.10.05"]
[SourceQuality "1"]

1. d4 d5 2. c4 c6 3. Nc3 Nf6 4. e3 Bf5 5. cxd5 cxd5 6. Bb5+ Nbd7 7. Nge2 a6 8. Ba4 e6 9. Ng3 Bg6 10. 0-0 Bd6 11. Bc2 Bxc2 12. Qxc2 0-0 13. Qe2 Rc8 14. e4 dxe4 15. Ncxe4 Be7 16. Be3 Nd5 17. Rac1 Qb6 18. a3 N7f6 19. Nc5 Nxe3 20. Qxe3 Bxc5 21. dxc5 Qxb2 22. Rc3 Nd5 23. Qc1 Qxc3 24. Qxc3 Nxc3 25. Rc1 Rxc5 26. Kf1 Rfc8 0-1

[Event "Znin op-C"]
[Site "Znin"]
[Date "2010.06.28"]
[Round "2"]
[White "Tarczykowska, Monika"]
[Black "Jurkiewicz, Kazimierz"]
[Result "1-0"]
[WhiteElo "1651"]
[BlackElo "1478"]
[PlyCount "65"]
[EventDate "2010.06.26"]
[EventType "swiss"]
[EventRounds "9"]
[EventCountry "POL"]
[SourceTitle "EXT 2023"]
[Source "ChessBase"]
[SourceDate "2022.10.05"]
[SourceVersion "1"]
[SourceVersionDate "2022.10.05"]
[SourceQuality "1"]

1. g3 e6 2. c4 d5 3. Bg2 Nf6 4. cxd5 exd5 5. d4 Bb4+ 6. Bd2 Bxd2+ 7. Nxd2 c6 8. Ngf3 0-0 9. 0-0 Be6 10. Qb3 Qc7 11. Rac1 Ne4 12. Rfd1 Nd7 13. Nxe4 dxe4 14. d5 Bxd5 15. Qxd5 Nf6 16. Qe5 Qb6 17. Nd2 Rfe8 18. Qc5 Qa6 19. Qc4 Qb6 20. Nxe4 Nd5 21. b3 Qa5 22. Nd6 Re7 23. Bxd5 cxd5 24. Qc8+ Qd8 25. Qxd8+ Rxd8 26. Rc8 Rxc8 27. Nxc8 Rxe2 28. Rxd5 g6 29. a4 Rb2 30. Rb5 Rc2 31. Nxa7 Rc7 32. Rb6 Kg7 33. Nb5 1-0

[Event "Torun-Bydgoszcz"]
[Site "Torun"]
[Date "2009.12.13"]
[Round "?.33"]
[White "Tarczykowska, Monika"]
[Black "Raczynska, Maja"]
[Result "1/2-1/2"]
[WhiteElo "1651"]
[BlackElo "1495"]
[PlyCount "64"]
[EventDate "2009.12.13"]
[EventType "team-match"]
[EventRounds "1"]
[EventCountry "POL"]
[SourceTitle "EXT 2018"]
[Source "ChessBase"]
[SourceDate "2017.10.13"]
[SourceVersion "1"]
[SourceVersionDate "2017.10.13"]
[SourceQuality "1"]

1. g3 c5 2. c4 Nc6 3. Bg2 g6 4. e3 Bg7 5. Ne2 Nf6 6. d4 cxd4 7. exd4 0-0 8. 0-0 d6 9. Nbc3 Bf5 10. a3 Qb6 11. b4 a6 12. Bb2 Rac8 13. Na4 Qc7 14. Rc1 Qd8 15. c5 dxc5 16. dxc5 Qxd1 17. Rfxd1 Rcd8 18. Bxc6 bxc6 19. Nd4 Rc8 20. Nxf5 gxf5 21. Nb6 Rcd8 22. Bxf6 Bxf6 23. Nd7 Rfe8 24. Nxf6+ exf6 25. Kf1 Rxd1+ 26. Rxd1 Re5 27. Rd6 Re6 28. Rxe6 fxe6 29. f4 Kf7 30. Kf2 e5 31. Ke3 Ke6 32. h3 Kd5 1/2-1/2

[Event "POL-chT3 Kujawsko Pomorskie 0910"]
[Site "Poland"]
[Date "2009.11.08"]
[Round "1.12"]
[White "Filipek, Halina"]
[Black "Tarczykowska, Monika"]
[Result "1/2-1/2"]
[WhiteElo "1775"]
[BlackElo "1651"]
[PlyCount "96"]
[EventDate "2009.11.08"]
[EventType "team-tourn"]
[EventRounds "11"]
[EventCountry "POL"]
[SourceTitle "EXT 2020"]
[Source "ChessBase"]
[SourceDate "2019.10.17"]
[SourceVersion "1"]
[SourceVersionDate "2019.10.17"]
[SourceQuality "1"]

1. d4 d5 2. Nf3 Nf6 3. Bf4 Bf5 4. e3 Nbd7 5. h3 e6 6. Nbd2 c5 7. Nh4 Be4 8. Nhf3 Rc8 9. Nxe4 Nxe4 10. c3 Be7 11. Qa4 a6 12. Be2 Qb6 13. Ne5 Rd8 14. Qc2 Nxe5 15. Bxe5 0-0 16. 0-0 Rc8 17. Bd3 f6 18. Bh2 cxd4 19. exd4 f5 20. Rae1 Bf6 21. Qe2 Rc6 22. Kh1 Bg5 23. Bxe4 fxe4 24. Rb1 Rf5 25. f3 exf3 26. Rxf3 Rxf3 27. Qxf3 Rc8 28. Rf1 Bf6 29. Qg4 Rf8 30. Re1 Re8 31. Re2 Qc6 32. Rf2 e5 33. dxe5 Bxe5 34. Bxe5 Rxe5 35. Qf4 Qe8 36. Qf3 h6 37. Rd2 Re1+ 38. Kh2 Qe5+ 39. g3 Re3 40. Qg4 Kh7 41. Rf2 Re4 42. Qf3 Re3 43. Qg4 h5 44. Qf4 Qxf4 45. gxf4 d4 46. cxd4 Rd3 47. Rc2 Rxd4 48. Kg3 Rd7 1/2-1/2

[Event "Chelmza op-A"]
[Site "Chelmza"]
[Date "2009.06.20"]
[Round "1"]
[White "Tarczykowska, Monika"]
[Black "Kobus, Sebastian"]
[Result "0-1"]
[WhiteElo "1681"]
[BlackElo "2035"]
[PlyCount "92"]
[EventDate "2009.06.20"]
[EventType "swiss"]
[EventRounds "9"]
[EventCountry "POL"]
[SourceTitle "EXT 2012"]
[Source "ChessBase"]
[SourceDate "2011.11.24"]
[SourceVersion "1"]
[SourceVersionDate "2011.11.24"]
[SourceQuality "1"]

1. g3 e5 2. c4 g6 3. Bg2 Bg7 4. Nc3 Nf6 5. d3 0-0 6. Nf3 d6 7. 0-0 Nc6 8. Bg5 h6 9. Bd2 Kh7 10. e3 Nh5 11. Ne1 f5 12. f4 exf4 13. exf4 Nd4 14. Rb1 a5 15. Ne2 Nxe2+ 16. Qxe2 Re8 17. Qf3 c6 18. Nc2 Bd7 19. Qf2 Nf6 20. Bc3 Ng4 21. Qd2 Qb6+ 22. d4 Nf6 23. Kh1 Ne4 24. Qd3 Re7 25. Be1 Rae8 26. b3 Qc7 27. Rd1 b5 28. Na3 bxc4 29. Nxc4 a4 30. bxa4 c5 31. dxc5 dxc5 32. a5 Bb5 33. Qb3 Nd6 34. Nxd6 Bxf1 35. Bxf1 Rxe1 36. Nxe8 Qc6+ 37. Kg1 Rxd1 38. Nxg7 Rd6 39. Bb5 Qe4 40. Ne8 c4 41. Qc3 Qd4+ 42. Qxd4 Rxd4 43. Ba4 c3 44. Bb3 Rb4 45. Bc2 Rb2 46. Bd3 Rd2 0-1

[Event "Kowalewo Pomorskie op-B"]
[Site "Kowalewo Pomorskie"]
[Date "2008.07.12"]
[Round "9.23"]
[White "Tarczykowska, Monika"]
[Black "Zebracki, Tomasz"]
[Result "0-1"]
[WhiteElo "1696"]
[BlackElo "1734"]
[PlyCount "49"]
[EventDate "2008.07.04"]
[EventType "swiss"]
[EventRounds "9"]
[EventCountry "POL"]
[SourceTitle "EXT 2023"]
[Source "ChessBase"]
[SourceDate "2022.10.05"]
[SourceVersion "1"]
[SourceVersionDate "2022.10.05"]
[SourceQuality "1"]

1. d4 e6 2. c4 d5 3. Nc3 Nf6 4. Nf3 Nbd7 5. Bg5 c6 6. e3 Qa5 7. Bxf6 Nxf6 8. Bd3 Bb4 9. Qc2 dxc4 10. Bxc4 Ne4 11. Rc1 Nxc3 12. bxc3 Be7 13. 0-0 0-0 14. Bd3 h6 15. c4 Rd8 16. Nd2 Qc7 17. Ne4 e5 18. dxe5 Qxe5 19. Ng3 Bd6 20. Rfd1 h5 21. c5 Bc7 22. Bh7+ Kh8 23. Rxd8+ Bxd8 24. Bd3 Be6 25. a4 0-1

[Event "POL-chT3 Kujawsko Pomorskie 0708"]
[Site "Poland"]
[Date "2008.01.27"]
[Round "6.24"]
[White "Tadych, Agnieszka"]
[Black "Tarczykowska, Monika"]
[Result "1-0"]
[WhiteElo "1996"]
[BlackElo "1854"]
[PlyCount "93"]
[EventDate "2007.11.04"]
[EventType "team-tourn"]
[EventRounds "11"]
[EventCountry "POL"]
[SourceTitle "EXT 2019"]
[Source "ChessBase"]
[SourceDate "2018.10.10"]
[SourceVersion "1"]
[SourceVersionDate "2018.10.10"]
[SourceQuality "1"]

1. d4 d5 2. f4 Nf6 3. Nf3 Bf5 4. e3 e6 5. Be2 Be7 6. c4 0-0 7. Nc3 c5 8. 0-0 Nc6 9. dxc5 Bxc5 10. Na4 Be7 11. cxd5 Nxd5 12. Bd3 Bxd3 13. Qxd3 Qa5 14. Qb3 b5 15. Nc3 Nxc3 16. bxc3 Qb6 17. Nd4 Rab8 18. Rb1 a6 19. a4 b4 20. Bb2 Qc7 21. Qc4 Rfc8 22. Qxa6 Nxd4 23. cxd4 Ra8 24. Qb5 Rcb8 25. Rfc1 Qa7 26. Qh5 Qxa4 27. Rc7 Qe8 28. e4 Ra2 29. Rc2 Qd8 30. Kh1 b3 31. Rf2 g6 32. Qf3 f5 33. exf5 exf5 34. Qc6 Rc8 35. Qe6+ Kf8 36. Qxb3 Raa8 37. Re2 Rab8 38. Qh3 Kg8 39. Rbe1 Bf6 40. Qe3 Kg7 41. Qa3 Rb7 42. d5 Rxb2 43. Rxb2 Bxb2 44. Qxb2+ Kh6 45. Re3 Qf6 46. Rh3+ Kg7 47. Qb7+ 1-0

[Event "Bydgoszcz Fordonski op 3rd"]
[Site "Bydgoszcz"]
[Date "2007.12.29"]
[Round "3.20"]
[White "Szmidt, Przemyslaw"]
[Black "Tarczykowska, Monika"]
[Result "1-0"]
[WhiteElo "1930"]
[BlackElo "1854"]
[PlyCount "25"]
[EventDate "2007.12.28"]
[EventType "swiss"]
[EventRounds "5"]
[EventCountry "POL"]
[SourceTitle "EXT 2023"]
[Source "ChessBase"]
[SourceDate "2022.10.05"]
[SourceVersion "1"]
[SourceVersionDate "2022.10.05"]
[SourceQuality "1"]

1. e4 Nf6 2. Nc3 d5 3. e5 Nfd7 4. e6 fxe6 5. d4 g6 6. Nf3 a6 7. h4 Nf6 8. h5 Nxh5 9. Rxh5 gxh5 10. Ne5 Rg8 11. Qxh5+ Rg6 12. Qxh7 Rh6 13. Qf7# 1-0